Ghurub al-Khilafah al-Islamiyah /

محفوظ في:

المؤلف الرئيسي: Kharbūṭlī, ʻAlī Ḥusnī (مؤلف)

التنسيق: كتاب

اللغة: Arabic

منشور في: al-Qāhirah : Muʼassasat al-Maṭbūʻāt al-Ḥadīthah], [196-?].

سلاسل: Majmūʻat al-dirāsāt al-tārīkhīyah.

الموضوعات:

الوسوم: إضافة وسم

لا توجد وسوم, كن أول من يضع وسما على هذه التسجيلة!

رقم الطلب: DS234 .K4376 1960

LEADER 01405namaa2200301 4500
001 18734
003 OSt
005 20230426094558.0
008 130303s1960 ua b 000 0 ara d
952 |0 0  |1 0  |2 lcc  |4 0  |6 DS0234 K4376 01960  |7 1  |9 47083  |a ARCE  |b ARCE  |d 2023-04-26  |l 0  |o DS234 .K4376 1960  |p 1025362  |r 2023-04-26 00:00:00  |w 2023-04-26  |y BK 
999 |c 20134  |d 20134 
040 |c ARCE Library 
043 |a ar-----  |a aw-----  |a ff-----  
050 4 |a DS234 .K4376 1960 
100 1 |6 880-01  |a Kharbūṭlī, ʻAlī Ḥusnī,  |e author 
245 1 0 |6 880-02  |a Ghurub al-Khilafah al-Islamiyah /  |c taʼlīf ʻAlī Ḥusnī al-Kharbūṭlī. 
264 1 |a al-Qāhirah :   |b Muʼassasat al-Maṭbūʻāt al-Ḥadīthah],   |c [196-?]. 
300 |a 216 pages ;  |c 24 cm. 
490 0 |a Majmūʻat al-dirāsāt al-tārīkhīyah. 
504 |a Bibliography : pages 204-[212] 
555 |a wafaa.lib. 
650 0 |a Caliphate. 
650 0 |a Islam and state  |x History. 
651 0 |a Islamic countries   |x History. 
880 1 |6 100-01/(3/r  |a خربوطلي، علي حسني.‪‪‪‪‪‪‪‪‪‪‪‪‪‪‪‪‪‪‪‪‪‪‪‪‪‪‪‪‪‪‪‪‪‪‪‪‪‪‪‪‪‪‪‪‪‪‪‪‪‪‪‪‪‪‪‪‪‪‪‪‪‪‪‪‪‪‪‪‪ 
880 1 0 |6 245-02/(3/r  |a غروب الخلافة الإسلامية   |c تأليف علي حسني الخربوطلي 
901 |a reviewed 
942 |c BK  |2 lcc